000 00784nam a2200217 i 4500
001 186445
003 SpMaBN
005 20230906222654.0
008 161114s1980 fr |||| |dfre d
080 _a821.133.1-14"19"
100 1 _aJammes, Francis.
_965987
245 1 0 _aClairières dans le ciel
_b: 1902-1906 /
_cFrancis Jammes ; préface de Michel Décaudin.
260 _a[Paris] :
_bGallimard,
_c[1980]
300 _a208 p. ;
_c18 cm.
490 1 _aPoésie ;
_v142
505 8 _aContiene: ;
_tEn Dieu ;
_tTristesses ;
_tLe poète et sa femme ;
_tPoésies diverses ;
_tL'église habillée de feuilles
700 1 _aDécaudin, Michel.
_943154
830 0 _aPoésie ;
_v142
_9185130
852 _aES-MaACL
_jL-30799
_z. - Donat. Miguel A. Velasco
999 _c186445
_d186445